জাপান-বাংলা প্রয়োগ অভিধান / (Record no. 12493)
[ view plain ]
| 000 -LEADER | |
|---|---|
| fixed length control field | 00713nam a2200229 a 4500 |
| 001 - CONTROL NUMBER | |
| JCCL Control Number | 12493 |
| 003 - CONTROL NUMBER IDENTIFIER | |
| JCCL marc code | BD-JhCC |
| 005 - DATE AND TIME OF LATEST TRANSACTION | |
| control field | 20220804134024.0 |
| 008 - FIXED-LENGTH DATA ELEMENTS--GENERAL INFORMATION | |
| fixed length control field | 220313t19882017bg |||| ||a| 000 0 ben d |
| 035 ## - SYSTEM CONTROL NUMBER | |
| system control number | (BD-JhCC)12493 |
| 040 ## - CATALOGING SOURCE | |
| Original cataloging agency | BD-JhCC |
| Modifying agency | BD-JhCC |
| 041 ## - LANGUAGE CODE | |
| Language code of Book | Bengali,Japan |
| 082 ## - DEWEY DECIMAL CLASSIFICATION NUMBER | |
| Classification number | 495.6321 |
| Author mark and Year | SHU 2017 |
| 100 ## - MAIN ENTRY--PERSONAL NAME | |
| Personal name | Shunzo, Shibata |
| 245 ## - TITLE STATEMENT | |
| Title | জাপান-বাংলা প্রয়োগ অভিধান / |
| Statement of responsibility, etc | Shibata Shunzo, Tran: Maliha Banu Haydar. |
| 260 ## - PUBLICATION, DISTRIBUTION, ETC. (IMPRINT) | |
| Place of publication, distribution, etc | ঢাকা : |
| Name of publisher, distributor, etc | সাহিত্য প্রকাশ; |
| Date of publication, distribution, etc | ২০১৭. |
| 300 ## - PHYSICAL DESCRIPTION | |
| Pagination | 952 p. : |
| Dimensions | 18 cm. |
| 650 ## - SUBJECT ADDED ENTRY--TOPICAL TERM | |
| Topical term or geographic name as entry element | Japanies Language |
| 700 ## - ADDED ENTRY--PERSONAL NAME | |
| Personal name | Haydar, Maliha Banu |
| 942 ## - ADDED ENTRY ELEMENTS (KOHA) | |
| Source of classification or shelving scheme | Dewey Decimal Classification |
| Koha item type | Books |
| Koha issues (borrowed), all copies | 5 |
| Source of classification or shelving scheme | Damaged status | Not for loan | Home library | Current library | Shelving location | Date of accession | Cost, normal purchase price | Total Checkouts | Full call number | Barcode | Date last seen | Date checked out | Copy number | Koha item type |
|---|---|---|---|---|---|---|---|---|---|---|---|---|---|---|
| Dewey Decimal Classification | JCC Rouf Library | JCC Rouf Library | General Stacks | 06/01/2021 | 765.00 | 5 | 495.6321 SHU 2017 | 16664 | 09/20/2023 | 09/18/2023 | C-1 | Books |